Vliv lidského faktoru na funkční fraktálový tým

Interdisciplinárne poňatie teórie správania. Vzťah fraktálových atribútov a ekonomických väzieb. Vplyv ľudského faktora vo fraktálovom tíme.

Guardado en:
Detalles Bibliográficos
Autor principal: Raška, Zdeněk
Otros Autores: Polách, Jiří
Formato: Capítulo de libro
Lenguaje:checo
Materias:
Etiquetas: Agregar Etiqueta
Sin Etiquetas, Sea el primero en etiquetar este registro!

MARC

LEADER 00000naa$a2200000$$$4500
001 0003247
005 20231004104324.8
041 0 |a cze 
044 |a CZ 
245 1 0 |a Vliv lidského faktoru na funkční fraktálový tým  |c aut. Zdeněk Raška, Jiří Polách 
520 |a Interdisciplinárne poňatie teórie správania. Vzťah fraktálových atribútov a ekonomických väzieb. Vplyv ľudského faktora vo fraktálovom tíme. 
610 2 0 |a tímy pracovné 
610 2 0 |a podnik fraktálový 
610 2 0 |a činiteľ ľudský 
610 2 0 |a správanie 
100 1 |a Raška, Zdeněk 
700 1 |a Polách, Jiří